000 00425nam a2200181Ia 4500
001 1807
005 20260306143755.0
008 260306t2011||||xx |||||||||||||| ||spa||
041 _aESP
082 _a155.422
_bB86
100 _aBuceta, María José
_eAUT
245 0 _aManual de atención temprana
260 _c2011
300 _a338 páginas :
_c23 cm.
650 _aGEN
654 _aCPS
942 _cLIB
_dJUS
_fJUS
_2ddc
_n
999 _c1807
_d1807